|
|
|
|
| LEADER |
01447nam a2200385 i 4500 |
| 001 |
36796 |
| 003 |
BD-DhAAL |
| 005 |
20211129112637.0 |
| 008 |
191215t2019 nyua 001 0 eng |
| 999 |
|
|
|c 41370
|d 41370
|
| 010 |
|
|
|a 2017031881
|
| 020 |
|
|
|a 9781260091953
|
| 040 |
|
|
|a DLC
|b eng
|c DLC
|e rda
|d DLC
|d BD-DhAAL
|
| 042 |
|
|
|a pcc
|
| 043 |
|
|
|a n-us---
|
| 050 |
0 |
0 |
|a HG4910
|b .S28 2019
|
| 082 |
0 |
0 |
|a 332
|2 23
|
| 100 |
1 |
|
|a Saunders, Anthony,
|d 1949-
|9 38370
|
| 245 |
1 |
0 |
|a Financial markets and institutions /
|c Anthony Saunders and Marcia Millon Cornett
|
| 250 |
|
|
|a Seventh edition.
|
| 260 |
|
|
|a New York, NY :
|b McGraw-Hill Education,
|c 2019
|
| 300 |
|
|
|a xxii, 762 pages ;
|b illustrations :
|c 28 cm.
|
| 500 |
|
|
|a Includes index.
|
| 526 |
|
|
|a BBS
|
| 541 |
|
|
|a Development book agency
|e 36796
|
| 650 |
|
0 |
|a Securities
|z United States.
|9 38371
|
| 650 |
|
0 |
|a Stock exchanges
|z United States.
|9 38372
|
| 650 |
|
0 |
|a Financial institutions
|z United States.
|9 38373
|
| 650 |
|
0 |
|a Rate of return
|z United States.
|9 38374
|
| 650 |
|
0 |
|a Interest rates
|z United States.
|9 38375
|
| 650 |
|
0 |
|a Business & finance.
|9 43366
|
| 700 |
1 |
|
|a Cornett, Marcia Millon
|9 38376
|
| 852 |
|
|
|a Ayesha Abed Library
|c General Stacks
|
| 942 |
|
|
|2 ddc
|c BK
|
| 952 |
|
|
|0 0
|1 0
|2 ddc
|4 0
|6 332_000000000000000_SAU
|7 0
|9 67414
|a BRACUL
|b BRACUL
|c GEN
|d 2019-12-10
|e Development Book Agency
|g 4790.00
|l 1
|m 8
|o 332 SAU
|p 3010036796
|q 2025-11-06
|r 2020-01-13
|s 2020-01-13
|t 1
|v 4790.00
|w 2019-12-10
|y BK
|